Frýdek-Místek "rozstrieľal" Hlohovec HIL - 14. kolo: V slovenskom šlágri vyhral Prešov v Trnave

Bibliographic Details
Format: Article
Language:Slovak
PhysicalDescription:Tab.
ISSN:0139-7001
Subjects:

MARC

LEADER 00000nab a2200000 a 4500
001 vtls000855146
003 SK-MaSNL
005 20260302171146.0
008 180206c2003 xo 0 slo
015 |a SNBRB2003/12-34791 
035 |a CLN000206801 
040 |a SNKBUCL  |b slo  |c SNKBUCL  |e AACR2 
041 0 |a slo 
044 |a xo  |c SK 
080 |a 796.322.093.1  |2 UDC-MRF-SK2 
245 0 0 |a Frýdek-Místek "rozstrieľal" Hlohovec  |b HIL - 14. kolo: V slovenskom šlágri vyhral Prešov v Trnave 
300 |b Tab. 
650 0 7 |a hádzaná  |x muži  |x HIL  |x kolo 14.  |y sezóna 2003/2004  |2 snkbucl  |9 874901 
655 7 |a články z novín a časopisov  |2 snkbucl  |9 267496 
773 0 |x 0139-7001  |t Šport  |g Roč. 57, č. 269 (24.11.2003), s. 28 
850 |a Slovenská národná knižnica v Martine 
852 |a SNK  |b KIS3GCP 
958 |a RBX 
999 |c 1394821  |d 1396751